The Namibian Law Reports 2014 (Record no. 2989)

MARC details
000 -LEADER
fixed length control field 00473nam a22001697a 4500
005 - DATE AND TIME OF INPUT
control field 20240903104316.0
008 - DATA ELEMENTS--GENERAL INFORMATION
fixed length control field 240903b |||||||| |||| 00| 0 eng d
022 ## - INTERNATIONAL STANDARD SERIAL NUMBER
International Standard Serial Number 10246991
041 ## - LANGUAGE CODE
Language code of text English
082 ## - SHELF NUMBER
DDC number 349 NAM
100 ## - MAIN AUTHOR
Language of a work English
245 ## - TITLE STATEMENT
Title The Namibian Law Reports 2014
260 ## - PUBLICATION, DISTRIBUTION, ETC.
Place of publication, distribution, etc. Windhoek:
Name of publisher, distributor, etc. Juta and Company Ltd,
Date of publication, distribution, etc. 2014
300 ## - PHYSICAL DESCRIPTION
Other physical details xxviii, 304 pages;
Dimensions 26 cm.
650 ## - SUBJECT`
Broad subject Legal practice
Own subject terms Law
942 ## - ADDED ENTRY ELEMENTS (KOHA)
Item type Books
942 ## - ADDED ENTRY ELEMENTS (KOHA)
-- ALISON_BN_VRIES
Holdings
Source of classification or shelving scheme Volume number (bound volume or other part) Not for loan Collection code Home library Current library Shelving location Date acquired Full call number Barcode Price effective from Koha item type
Dewey Decimal Classification Volume 1   The Namibian Law Reports LAW SOCIETY OF NAMIBIA LIBRARY - WINDHOEK LAW SOCIETY OF NAMIBIA LIBRARY - WINDHOEK The Namibian Law Reports 09/03/2024 349 NAM LSN/2023/4182 09/03/2024 Books
Dewey Decimal Classification Volume 2   The Namibian Law Reports LAW SOCIETY OF NAMIBIA LIBRARY - WINDHOEK LAW SOCIETY OF NAMIBIA LIBRARY - WINDHOEK The Namibian Law Reports 09/03/2024 349 NAM LSN/2023/4183 09/03/2024 Books
Dewey Decimal Classification Volume 3   The Namibian Law Reports LAW SOCIETY OF NAMIBIA LIBRARY - WINDHOEK LAW SOCIETY OF NAMIBIA LIBRARY - WINDHOEK The Namibian Law Reports 09/03/2024 349 NAM LSN/2023/4184 09/03/2024 Books
Dewey Decimal Classification Volume 4   The Namibian Law Reports LAW SOCIETY OF NAMIBIA LIBRARY - WINDHOEK LAW SOCIETY OF NAMIBIA LIBRARY - WINDHOEK The Namibian Law Reports 09/03/2024 349 NAM LSN/2023/4185 09/03/2024 Books